| 000 | 00475nam a2200157Ia 4500 | ||
|---|---|---|---|
| 008 | 150610s9999 xx 000 0 und d | ||
| 020 | _a9780545152921 | ||
| 050 |
_aPZ7 _b.T54 2009 v.6 |
||
| 100 | _aWatson, Jude | ||
| 245 |
_aIn too deep / _cJude Watson. |
||
| 260 |
_aNew York : _bScholastic Inc., _c2009. |
||
| 300 |
_a206pages ; _c20 cm. |
||
| 440 |
_aThe 39 clues ; book 6 _vv.6 |
||
| 650 |
_aBrothers and sisters _xJuvenile fiction. |
||
| 650 | _aCode and cipher stories | ||
| 999 |
_c287821 _d287821 |
||